Statistics for Philippines A-Z

Click here to take the quiz!

General Stats

  • This quiz has been taken 154 times
  • The average score is 19 of 26

Answer Stats

LetterQuestionAnswer% Correct
CThe Philippines celebrates this holiday the longestChristmas
91%
DLast name of current presidentDuterte
91%
MCapital of the PhilippinesManila
89%
BIsland containing the Chocolate HillsBohol
88%
JThe country that occupied the Philippines from 1942-1945Japan
88%
HFilipino desert which means "mix-mix", "stir-stir" or "shake-shake" usually made of ube ice cream, gulaman, and tapioca pearlsHalo-halo
87%
O"Yes" in TagalogOo
86%
ENational animal, also endangeredPhilippine Eagle
86%
LLargest islandLuzon
85%
FFirst name of explorer who discovered the Philippines, and got killed thereFerdinand
84%
N"Mother" in TagalogNanay
84%
ATallest mountainMount Apo
81%
SOne country that had rule over the PhilippinesSpain
81%
UThe other country that had rule over the PhilippinesUnited States
80%
QMost populated city in the PhilippinesQuezon City
77%
RMost dominant religionRoman Catholic
74%
TAn animal only found on the island of the second questionTarsier
71%
VThe middle division in the PhilippinesVisayas
68%
KThe name of the secret society that opposed the SpanishKatipunan
67%
WFifth-most-spoken native language of the PhilippinesWaray
66%
XNumber of presidents in Roman NumeralsXVI
64%
ZThis is a brand of juice in the PhilippinesZest-O
61%
GA sweet mango comes from this islandGuimaras
59%
YUbe is this purple type of foodYam
47%
PKing the Philippines was named afterPhilip II
33%
IThe Philippine Islands in SpanishIslas Filipinas
20%

Score Distribution

Percentile by Number Answered

Percent of People with Each Score

Your Score History

You have not taken this quiz